000 00746nam a2200265 i 4500
001 C2-0009675
003 PPAK
005 20190630221859.0
008 970128s1989 my |||| ||||| | may d
020 _a9836210040
040 _aPPAK
_beng
_cPPAK
_erda
082 0 4 _a899.23
_223
090 0 0 _a899.23
_bJUN
_dG
090 0 0 _a899.23
_bJUN
_dKMI
090 0 0 _a899.23
_bJUN
_dKSA
100 1 _aJunus, Umar,
_d1934-
_eauthor
245 1 0 _aFiksyen dan sejarah suatu dialog
264 1 _aKuala Lumpur :
_bDewan Bahasa dan Pustaka ,
_c1989
300 _a175 pages ;
_c22 cm
336 _2rdacontent
_atext
337 _2rdamedia
_aunmediated
338 _2rdacarrier
_avolume
650 1 0 _aMalay Literature - History and Criticism.
942 _ddc
_cB
999 _c2460
_d2460